[Event "Malaysian Masters Men 2013"]
[Site "Kuala Lumpur MAS"]
[Date "2013.06.26"]
[Round "8.4"]
[White "Ajeet Singh,Roshan"]
[Black "Aron,Teh Eu Wen"]
[Result "1/2-1/2"]
[WhiteElo "2014"]
[BlackElo "1981"]

1.d4 Nf6 2.c4 e6 3.Nc3 Bb4 4.Qc2 O-O 5.a3 Bxc3+ 6.Qxc3 b6 7.Nf3 Bb7 8.e3 d6
9.Be2 Nbd7 10.b4 c5 11.bxc5 bxc5 12.O-O Qc7 13.Bb2 Ne4 14.Qc2 Qa5 15.Rfd1 cxd4
16.exd4 Rfc8 17.Nd2 Nxd2 18.Qxd2 Qxd2 19.Rxd2 Nb6 20.Rc1 Na4 21.f3 Rc7 22.Bd1 Nxb2
23.Rxb2 Rac8 24.Bb3 Kf8 25.Kf2 Bc6 26.Ba2 Ke7 27.Ke3 e5 28.c5 Ba4 29.cxd6+ Kxd6
30.Rxc7 exd4+ 31.Kxd4 Rxc7 32.g3 f6 33.f4 Rc2 34.Rxc2 Bxc2  1/2-1/2

[Event "8th Vladimir Dvorkovich Cup"]
[Site "Moscow RUS"]
[Date "2013.06.26"]
[Round "2.1"]
[White "Antipov,M2"]
[Black "Alekseenko,K"]
[Result "1-0"]
[WhiteElo "2478"]
[BlackElo "2449"]

1.d4 Nf6 2.c4 e6 3.Nc3 Bb4 4.Qc2 O-O 5.a3 Bxc3+ 6.Qxc3 d5 7.f3 b6 8.Bg5 Ba6
9.cxd5 exd5 10.Rc1 h6 11.Bxf6 Qxf6 12.e3 Qh4+ 13.g3 Qe7 14.Bxa6 Nxa6 15.Qd3 Rae8
16.Rc3 Nb8 17.Ne2 f5 18.h4 g6 19.Kf2 Qd6 20.Qc2 c6 21.Nf4 Rf7 22.b4 a6 23.Nd3 Rfe7
24.Ne5 Rxe5 25.dxe5 Rxe5 26.Qd2 Nd7 27.Rd1 g5 28.Qd3 gxh4 29.gxh4 Qf6 30.Qd4 Kf7
31.Rdc1 f4 32.Qxf4 Rf5 33.Qg3 Ne5 34.f4 d4 35.exd4 Ng6 36.Rxc6 Qxd4+ 37.Ke1 Qe4+
38.Kd2 Rd5+ 39.Kc3 Nxf4 40.Rc7+ Ke6 41.Qg8+ Kd6 42.Qd8+ Ke5 43.Re7+ Ne6 44.Rxe6+  1-0

[Event "4th Kiryat Ono Open A"]
[Site "Kiryat Ono ISR"]
[Date "2013.06.30"]
[Round "1.10"]
[White "Ben Nathan,Y"]
[Black "Arlinsky,U"]
[Result "0-1"]
[WhiteElo "2136"]
[BlackElo "2321"]

1.d4 Nf6 2.c4 e6 3.Nc3 Bb4 4.Qc2 O-O 5.Bg5 c5 6.dxc5 Bxc5 7.Nf3 Nc6 8.e3 Be7
9.Rd1 b6 10.Be2 Bb7 11.O-O Rc8 12.Qd2 Na5 13.Bxf6 Bxf6 14.Qxd7 Bxc3 15.bxc3 Qf6
16.Qd4 Qe7 17.Qd6 Qxd6 18.Rxd6 Nxc4 19.Rd7 Na5 20.c4 Rfe8 21.Rfd1 e5 22.Ng5 Rf8
23.Re7 h6 24.Nf3 e4 25.Ne5 Rce8 26.Rdd7 Rxe7 27.Rxe7 g6 28.Kf1 a6 29.Nd7 Rd8
30.Ke1 b5 31.cxb5 axb5 32.Bxb5 Bc6 33.a4 Bxd7 34.Rxd7 Rc8 35.Rd2 Rc1+ 36.Ke2 Kf8
37.h4 Ke7 38.f3 exf3+ 39.Kxf3 Rc7 40.Rd5 Ke6 41.Rd8 Nb3 42.h5 Rc5 43.Rh8 gxh5
44.Rxh6+ Ke7 45.Rc6 Rf5+ 46.Ke2 Na5 47.Ra6 Nb7 48.Bc4 Na5 49.Ra7+ Kf8 50.e4 Rg5
51.Rxf7+ Ke8 52.Rc7 Kd8 53.Rh7 Nxc4 54.Kf3 Nd6 55.Ra7 Kc8 56.g3 Nf7 57.Ra6 Kc7
58.Rf6 Nd6 59.Rh6 Re5 60.g4 hxg4+ 61.Kxg4 Rxe4+ 62.Kf3 Rxa4 63.Rg6 Kd7 64.Ke3 Kc6
65.Kd2 Kd5 66.Rg5+ Ke6 67.Kd3 Nf7 68.Rb5 Ne5+ 69.Kc3 Rh4 70.Rb7 Kd5 71.Rb5+ Kd6
72.Rb7 Kc5 73.Rc7+ Kd5 74.Rb7 Rh3+ 75.Kc2 Kd4 76.Rg7 Rc3+ 77.Kd2 Nc4+ 78.Ke2 Rc2+
79.Kf3 Ne5+ 80.Kg3 Ke4 81.Rb7 Rc3+ 82.Kg2 Kf4 83.Rb4+ Nc4 84.Ra4 Kg4 85.Kf2 Rc2+
86.Ke1 Kf3 87.Ra1 Ne3  0-1

[Event "8th Vladimir Dvorkovich Cup"]
[Site "Moscow RUS"]
[Date "2013.07.01"]
[Round "6.8"]
[White "Harazinska,Ewa"]
[Black "Choladze,M"]
[Result "1-0"]
[WhiteElo "2068"]
[BlackElo "1932"]

1.d4 Nf6 2.c4 e6 3.Nc3 Bb4 4.Qc2 O-O 5.Nf3 b6 6.e4 d5 7.e5 Ne4 8.Bd3 Bb7
9.a3 Bxc3+ 10.bxc3 c5 11.cxd5 exd5 12.dxc5 bxc5 13.Rb1 Qe7 14.c4 f5 15.Qb3 Ba6
16.cxd5 Bxd3 17.d6+ Qf7 18.Qxd3 Nd7 19.O-O Rfe8 20.Bf4 c4 21.Qe3 h6 22.h4 Nxd6
23.Rfd1 Ne4 24.Rb7 Nec5 25.Rc7 Rac8 26.Rdxd7 Qxd7 27.Rxd7 Nxd7 28.Qxa7 Nc5
29.Nd4 Nd3 30.Nxf5 Ra8 31.Qxa8  1-0

[Event "IsBank TCh-TUR 2013"]
[Site "Denizli TUR"]
[Date "2013.07.02"]
[Round "4.6"]
[White "Hadjiyev,S"]
[Black "Tsatsalashvili,K"]
[Result "1-0"]
[WhiteElo "2086"]
[BlackElo "2279"]

1.d4 Nf6 2.c4 e6 3.Nc3 Bb4 4.Qc2 O-O 5.e4 d5 6.e5 Ne4 7.Bd3 c5 8.Nf3 Nc6
9.O-O Nxd4 10.Nxd4 cxd4 11.Nxe4 dxe4 12.Bxe4 g6 13.a3 Be7 14.Bh6 Re8 15.Rad1 a5
16.Qd2 f5 17.Bf3 Bc5 18.Be3 Re7 19.b4 axb4 20.axb4 Rd7 21.bxc5 dxe3 22.Qxe3 Ra4
23.Qb3 Rxd1 24.Rxd1 Qa5 25.Qb5 Ra1 26.g3 Rxd1+ 27.Bxd1 Qd8 28.Bf3 Qe7 29.Qb6 Kf7
30.h4 h6 31.c6 bxc6 32.Qxc6 Qd8 33.c5 f4 34.Qd6 Qa5 35.gxf4 Ba6 36.Qd7+ Kf8
37.Kg2 Qxc5 38.Qxe6 Qc4 39.Qxg6 Qf1+ 40.Kg3 Qg1+ 41.Bg2 Bf1 42.Qxh6+ Kg8
43.Qe6+ Kg7 44.Qh3 Bxg2 45.Qxg2 Qe1 46.Kh2+ Kh6 47.Qc6+ Kh7 48.Kg2 Qe2 49.Qd7+ Kh8
50.Qf5 Qc4 51.e6 Qc6+ 52.Kh2 Qf3 53.Qe5+ Kg8 54.Qe3 Qh5 55.e7 Qe8 56.Qe6+ Kg7
57.Qe5+ Kh6 58.Qf6+ Kh7 59.Qf5+  1-0

[Event "IsBank TCh-TUR 2013"]
[Site "Denizli TUR"]
[Date "2013.07.02"]
[Round "4.1"]
[White "Mchedlishvili,M"]
[Black "Mamedov,Nid"]
[Result "1-0"]
[WhiteElo "2637"]
[BlackElo "2602"]

1.d4 Nf6 2.c4 e6 3.Nc3 Bb4 4.Qc2 O-O 5.a3 Bxc3+ 6.Qxc3 b6 7.Bg5 Bb7 8.e3 d6
9.Ne2 Nbd7 10.Qc2 c5 11.Rd1 Qe7 12.Nc3 Rac8 13.Be2 h6 14.Bh4 Bxg2 15.Rg1 Bb7
16.dxc5 Rxc5 17.Qd2 d5 18.e4 Kh8 19.Qe3 Ne5 20.b4 Rcc8 21.Qd4 Ng6 22.Bxf6 gxf6
23.exd5 exd5 24.cxd5 Qe5 25.Rg3 Nf4 26.d6 Rcd8 27.Qxe5 fxe5 28.Bc4 f5 29.d7 Nh5
30.Rg6 Nf6 31.Rd6  1-0

[Event "4th AIMAG Women"]
[Site "Incheon KOR"]
[Date "2013.07.02"]
[Round "4.19"]
[White "Methmani,Nelunika"]
[Black "Al Jelda,F"]
[Result "0-1"]
[WhiteElo "1603"]
[BlackElo "1827"]

1.d4 Nf6 2.c4 e6 3.Nc3 Bb4 4.Qc2 O-O 5.Nf3 b6 6.e4 Bb7 7.Bd3 h6 8.e5 Ne8
9.Rg1 c5 10.dxc5 Bxc5 11.a3 d5 12.b4 dxc4 13.Bh7+ Kh8 14.bxc5 bxc5 15.Be3 Qa5
16.Nd2 Bd5 17.Be4 Nc7 18.Ke2 Nc6 19.Na4 Nd4+ 20.Bxd4 cxd4 21.Nxc4 Bxe4 22.Nxa5 Bxc2
23.Nc5 Rfd8 24.Nd3 Nb5 25.a4 Nc3+ 26.Kd2 Bxa4 27.Nb7 Rdc8 28.Nbc5 Bb5 29.Nb3 Ne4+  0-1

[Event "Avoin SM 2013"]
[Site "Naantali FIN"]
[Date "2013.07.02"]
[Round "3.9"]
[White "Viljanen,J"]
[Black "Valkama,Eero"]
[Result "1/2-1/2"]
[WhiteElo "1871"]
[BlackElo "1881"]

1.d4 Nf6 2.c4 e6 3.Nc3 Bb4 4.Qc2 O-O 5.a3 Bxc3+ 6.Qxc3 d5 7.Nf3 dxc4 8.Qxc4 b6
9.g3 Bb7 10.Bg2 Bd5 11.Qc2 Nbd7 12.O-O c5 13.dxc5 Nxc5 14.b4 Nb3 15.Rb1 Rc8
16.Qd1 Nxc1 17.Rxc1 Qd7 18.Ne5 Qb5 19.Qd3 Qxd3 20.Nxd3 Bc4 21.Rfd1 Bxd3 22.Rxc8 Rxc8
23.Rxd3 Rc1+ 24.Bf1 Kf8 25.f3 Ke7 26.Kf2 Nd5 27.h4 b5 28.f4 Rc3 29.e4 Rc2+
30.Kf3 Nb6 31.Rb3 a6 32.Bd3 Rc1  1/2-1/2

[Event "20th Abu Dhabi Masters 2013"]
[Site "Abu Dhabi UAE"]
[Date "2013.07.04"]
[Round "6.11"]
[White "Lazarev,V"]
[Black "El Gindy,E"]
[Result "0-1"]
[WhiteElo "2410"]
[BlackElo "2490"]

1.d4 Nf6 2.c4 e6 3.Nc3 Bb4 4.Qc2 O-O 5.a3 Bxc3+ 6.Qxc3 d6 7.Bg5 Nbd7 8.e3 b6
9.Nf3 h6 10.Bh4 Ba6 11.Nd2 c5 12.b4 Qc7 13.Be2 Rac8 14.dxc5 bxc5 15.b5 Bb7
16.f3 d5 17.Bg3 e5 18.O-O d4 19.Qc1 Nh5 20.Bf2 f5 21.Nb3 Qb6 22.Kh1 Qg6 23.Na5 Ba8
24.Qd2 f4 25.exd4 exd4 26.Bd3 Qf6 27.Rae1 Rce8 28.Rxe8 Rxe8 29.Re1 Re3 30.Nc6 Bxc6
31.bxc6 Qxc6 32.Be4 Rxe1+ 33.Qxe1 Qd6 34.Qa5 Qb6 35.Qe1 Nhf6 36.Bf5 Kf7 37.Qd2 Qd6
38.Qa5 a6 39.Kg1 Ne5 40.Bc2 g5 41.h3 Kg7 42.Qa4 Qe6 43.Qb3 Nfd7 44.Qb7 Qc6
45.Qb3 Nb6 46.Be4 Qd6 47.Bd5 Nxd5 48.cxd5 Kg6 49.Qb7 d3 50.Be1 Nc4 51.Bc3 d2
52.Qg7+ Kh5 53.Qf7+ Qg6 54.Qd7 d1=Q+ 55.Kh2 Qg8 56.Qg4+ Kg6 57.h4 Qdxd5 58.h5+ Kh7  0-1

[Event "41st TCh-GRE"]
[Site "Rio (Achaia) GRE"]
[Date "2013.07.04"]
[Round "4.3"]
[White "Efstathiou,D"]
[Black "Kazakos,E"]
[Result "0-1"]
[WhiteElo "2097"]
[BlackElo "2131"]

1.d4 Nf6 2.c4 e6 3.Nc3 Bb4 4.Qc2 O-O 5.a3 Bxc3+ 6.Qxc3 b6 7.Bg5 Bb7 8.f3 h6
9.Bh4 d6 10.e4 c5 11.dxc5 bxc5 12.O-O-O Nc6 13.Bxf6 gxf6 14.Ne2 Kg7 15.f4 Rh8
16.h4 e5 17.Ng3 Nd4 18.Nh5+ Kf8 19.fxe5 fxe5 20.Qg3 Rg8 21.Qe3 Rg6 22.Bd3 Bc8
23.Rdf1 Rb8 24.Qf2 Be6 25.Rh3 Qb6 26.Rg3 Rxg3 27.Nxg3 Qb3 28.Qd2 Bxc4 29.Qxh6+ Ke8
30.Qh8+ Ke7 31.Qxb8 Qxb8 32.Bxc4 Qh8 33.Rxf7+ Ke8 34.Rxa7 Qxh4 35.Ra8+ Ke7
36.Rg8 Qf4+ 37.Kb1 Qf2 38.Ka2 Qc2 39.Bd5 c4 40.Rg7+ Kd8 41.Rg8+ Kc7 42.Rg7+ Kb6
43.Rb7+ Ka6 44.Rb4 c3 45.Nf1 Qf2 46.Ra4+ Kb5 47.Rb4+ Ka5 48.Bc4 c2 49.Ne3 c1=Q
50.Rb7 Qcxe3  0-1

[Event "Klatov Open A 2013"]
[Site "Klatovy CZE"]
[Date "2013.07.05"]
[Round "7.9"]
[White "Kopta,P"]
[Black "Rydl,Jiri"]
[Result "1/2-1/2"]
[WhiteElo "2292"]
[BlackElo "2057"]

1.d4 Nf6 2.c4 e6 3.Nc3 Bb4 4.Qc2 O-O 5.Nf3 c5 6.dxc5 Na6 7.c6 bxc6 8.a3 Bxc3+
9.Qxc3 Ne4 10.Qc2 f5 11.g3 d6 12.Bg2 Bb7 13.O-O Qe7 14.b4 c5 15.b5 Nc7 16.Ng5 d5
17.Nxe4 dxe4 18.Bb2 e5 19.Rad1 Rae8 20.Qd2 Na8 21.a4 Nb6 22.Ba3 Rc8 23.Qc2 a5
24.Rd2 Rfd8 25.Rc1 Rxd2 26.Qxd2 Nxa4 27.Qxa5 Ra8 28.Qd2 Rd8 29.Qc2 Nb6 30.Bb2 Qd6
31.Ba1 h6 32.Qc3 Re8 33.e3 Re7 34.Bh3 Qg6 35.Kh1 Qh5 36.Bg2 Kh7 37.Qc2 Qg6
38.Rd1 Qe6 39.g4 Rd7 40.gxf5 Rxd1+ 41.Qxd1 Qxf5 42.Qc2 Kh8 43.Kg1 Qe6 44.Bf1 Nc8
45.Qd1 Nd6 46.Qh5 Nf7 47.Be2 g6 48.Qg4 Qd6 49.Bc3 Kh7 50.h4 h5 51.Qg3 Bc8
52.f3 exf3 53.Qxf3 Kg7 54.Qd5 Qe7 55.Qe4 Bb7 56.Qf4 Kh7 57.Qg3 Be4 58.Bf3 Qb7
59.Bg2 Bxg2 60.Qxg2 Qd7 61.Qf3 Nd6 62.b6 Qe7 63.Kg2 Qxh4 64.Bxe5 Qg5+ 65.Qg3 Qxg3+
66.Kxg3 Nb7 67.Bf6 Kg8 68.e4 Kf7 69.Bh4 Ke6 70.Kf4 Kd6 71.e5+ Kc6 72.e6 Kxb6
73.e7 Nd6 74.Kg5 Kc6 75.Bg3 Ne4+ 76.Kxg6 Kd7 77.Kf7 Ng5+ 78.Kf8 Ne6+ 79.Kf7 Ng5+
80.Kg6 Ne4 81.Bh4 Ke8 82.Kf5 Nd6+ 83.Ke5 Nxc4+  1/2-1/2

[Event "Pacific Southwest Op"]
[Site "Los Angeles USA"]
[Date "2013.07.05"]
[Round "1"]
[White "Brown,Michael William"]
[Black "Moy,Kevin"]
[Result "1-0"]
[WhiteElo "2237"]
[BlackElo "1987"]

1.d4 Nf6 2.c4 e6 3.Nc3 Bb4 4.Qc2 O-O 5.a3 Bxc3+ 6.Qxc3 b6 7.Bg5 Bb7 8.e3 d6
9.Ne2 Nbd7 10.Rd1 h6 11.Bh4 Qe7 12.Qc2 c5 13.Nc3 cxd4 14.Rxd4 Rfd8 15.f3 Ne5
16.Qd1 Rac8 17.Be2 Ng6 18.Bxf6 gxf6 19.Nb5 d5 20.Nxa7 Ra8 21.Nb5 e5 22.Rd2 dxc4
23.Bxc4 Rxd2 24.Qxd2 Rd8 25.Qe2 f5 26.O-O Qg5 27.Kh1 Ne7 28.Nc3 f4 29.e4 Nc6
30.Bd5 Nd4 31.Qc4 Bxd5 32.Nxd5 Rd6 33.Qc7 Re6 34.Qd7 Kg7 35.Rc1 Rg6 36.Qh3 h5
37.Rc7 b5 38.Kg1 Rc6 39.Rxc6 Nxc6 40.Qc8 Nd4 41.Kf1 Qh4 42.Qe8 Qg5 43.h4  1-0

[Event "Pacific Southwest Op"]
[Site "Los Angeles USA"]
[Date "2013.07.05"]
[Round "2"]
[White "Jain,Shaurya R"]
[Black "Peters,Ja"]
[Result "0-1"]
[WhiteElo "1875"]
[BlackElo "2360"]

1.d4 Nf6 2.c4 e6 3.Nc3 Bb4 4.Qc2 O-O 5.a3 Bxc3+ 6.Qxc3 b6 7.Bg5 c5 8.dxc5 bxc5
9.e3 Nc6 10.Bd3 d6 11.Ne2 Ne5 12.Bc2 Rb8 13.O-O h6 14.Bf4 Ng6 15.Bxg6 fxg6
16.Rfd1 Ne4 17.Qd3 Rxb2 18.Be5 Qh4 19.Bxb2 Qxf2+ 20.Kh1 Bb7 21.Nf4 Qxb2 22.Qb1 Nf2+
23.Kg1 Nxd1 24.Qxb2 Nxb2 25.Nxg6 Rf6  0-1

[Event "Klatov Open A 2013"]
[Site "Klatovy CZE"]
[Date "2013.07.07"]
[Round "9.8"]
[White "Kopta,P"]
[Black "Lacina,A"]
[Result "1-0"]
[WhiteElo "2292"]
[BlackElo "2214"]

1.d4 Nf6 2.c4 e6 3.Nc3 Bb4 4.Qc2 O-O 5.Nf3 b6 6.e4 Bb7 7.Bd3 d5 8.cxd5 exd5
9.e5 Ne4 10.O-O Bxc3 11.bxc3 c5 12.c4 Na6 13.Ba3 h6 14.Rae1 f5 15.exf6 Nxf6
16.Bf5 Bc8 17.Re5 Bxf5 18.Qxf5 Nb4 19.dxc5 bxc5 20.cxd5 Nfxd5 21.Qe6+ Kh8
22.Rd1 Qa5 23.Bxb4 Nxb4 24.Rd7 Qxa2 25.Qe7 Rg8 26.h3 Nc6 27.Qxc5 Nxe5 28.Nxe5 Qb1+
29.Kh2 a5 30.Nf7+ Kh7 31.Nxh6 Qb8+ 32.g3 Kxh6 33.Qe3+ Kg6 34.Qe4+ Kh6 35.Qa4 Kg6
36.Qg4+ Kh6 37.Qh4+ Kg6 38.Rd5 Ra7 39.Qh5+ Kf6 40.Rf5+ Ke7 41.Qf7+ Kd6 42.Rd5+ Kc6
43.Qe6+ Kb7 44.Rb5+ Ka8 45.Qd5+  1-0

[Event "St. Pauli Open 2013"]
[Site "Hamburg GER"]
[Date "2013.07.08"]
[Round "3.28"]
[White "Schmidt,Jad"]
[Black "Hartkopf,Uwe"]
[Result "1/2-1/2"]
[WhiteElo "2123"]
[BlackElo "2024"]

1.d4 Nf6 2.c4 e6 3.Nc3 Bb4 4.Qc2 O-O 5.a3 Bxc3+ 6.Qxc3 d5 7.Bg5 dxc4 8.Qxc4 b6
9.Nf3 Ba6 10.Qa4 Qd7 11.Qc2 Qc6 12.Qxc6 Nxc6 13.Rc1 Bb7 14.e3 Rac8 15.Bb5 Nb8
16.Bxf6 gxf6 17.b4 c6 18.Be2 c5 19.dxc5 bxc5 20.bxc5 Nd7 21.c6 Rxc6 22.Rxc6 Bxc6
23.Nd4 Ba4 24.O-O Rb8 25.Bd1  1/2-1/2

[Event "Universiade Women"]
[Site "Kazan RUS"]
[Date "2013.07.09"]
[Round "1.7"]
[White "Jelsen,Y"]
[Black "Bulmaga,I"]
[Result "0-1"]
[WhiteElo "2009"]
[BlackElo "2403"]

1.d4 Nf6 2.c4 e6 3.Nc3 Bb4 4.Qc2 O-O 5.a3 Bxc3+ 6.Qxc3 b6 7.Nf3 Bb7 8.g3 d6
9.Bg2 Nbd7 10.O-O Qe7 11.b4 Ne4 12.Qc2 f5 13.Be3 Ndf6 14.h3 Qe8 15.c5 Bd5
16.Kh2 Qh5 17.Kg1 g5 18.Ne1 f4 19.g4 Qf7 20.Bc1 h5 21.f3 Ng3 22.Rf2 hxg4
23.hxg4 Kg7 24.e3 e5 25.dxe5 dxe5 26.Nd3 Rae8 27.Qc3 fxe3 28.Bxe3 Nxg4 29.Nxe5 Nxe5
30.Bd4 Qf4 31.Re1 Kf6 32.Re4 Bxe4 33.fxe4 Kg6 34.Rxf4 Ne2+ 35.Kf1 Nxc3 36.Rxf8 Rxf8+
37.Ke1 Nf3+  0-1

[Event "23rd Heart of FIN"]
[Site "Jyvaskyla FIN"]
[Date "2013.07.10"]
[Round "4.7"]
[White "Aijala,Jou"]
[Black "Norri,J"]
[Result "1/2-1/2"]
[WhiteElo "2087"]
[BlackElo "2359"]

1.d4 Nf6 2.c4 e6 3.Nc3 Bb4 4.Qc2 O-O 5.a3 Bxc3+ 6.Qxc3 Qe8 7.Nf3 Ne4 8.Qc2 f5
9.Nd2 Nxd2 10.Bxd2 b6 11.e3 Bb7 12.f3 Qh5 13.O-O-O d6 14.Bc3 Nd7 15.Bd3 c5
16.Kb1 Rac8 17.dxc5 Nxc5 18.Be2 d5 19.b4 Nd7 20.cxd5 exd5 21.Qb2 Nf6 22.Bd4 f4
23.exf4 Qf5+ 24.Bd3 Qxf4 25.Be5 Qh4 26.Qd4 Qxd4 27.Bxd4 Nh5 28.Rhe1 Nf4 29.Re7 Rf7
30.Bxh7+ Kf8 31.Rxf7+ Kxf7 32.Bf5 Rc4 33.g3 Ne2 34.Bd3 Nc3+ 35.Bxc3 Rxc3
36.Kb2 Rc7 37.Re1 d4 38.Be4 Ba6 39.Rd1 Rd7 40.Bd3 Bxd3 41.Rxd3 Ke6 42.Kc2 Kd5
43.h4 Kc4 44.h5 a5 45.bxa5 bxa5 46.g4 Re7 47.Kd2 Rf7 48.Ke2 Re7+ 49.Kd2 Rb7
50.Ke2 a4 51.g5 Re7+ 52.Kd2 Rf7 53.Ke2 Re7+ 54.Kd2 Rb7 55.Ke2 Rf7 56.Rd1 Kc3
57.Rd3+ Kc4 58.Rd1 Kc3 59.Rd3+ Kc4 60.Rd1 Kd5  1/2-1/2

[Event "Styrian Open A 2013"]
[Site "Bad Gleichenberg AUT"]
[Date "2013.07.11"]
[Round "6.7"]
[White "Schnider,G"]
[Black "Sebenik,M"]
[Result "1/2-1/2"]
[WhiteElo "2353"]
[BlackElo "2511"]

1.d4 Nf6 2.c4 e6 3.Nc3 Bb4 4.Qc2 O-O 5.a3 Bxc3+ 6.Qxc3 b5 7.cxb5 c6 8.Bg5 cxb5
9.Qf3 Nc6 10.Bxf6 gxf6 11.Rd1 b4 12.a4 b3 13.e4 Qa5+ 14.Rd2 f5 15.exf5 exf5
16.Bb5 a6 17.Bxc6 dxc6 18.Qxb3 Be6 19.Qe3 f4 20.Qxf4 Rae8 21.f3 Qxa4 22.Kf2 Qa1
23.Qg5+ Kh8 24.Qf6+ Kg8 25.Qg5+  1/2-1/2

[Event "36th Barbera Open"]
[Site "Barbera del Valles ESP"]
[Date "2013.07.11"]
[Round "8.3"]
[White "Cabrera,Ale"]
[Black "Ortiz Suarez,I"]
[Result "0-1"]
[WhiteElo "2525"]
[BlackElo "2612"]

1.d4 Nf6 2.c4 e6 3.Nc3 Bb4 4.Qc2 O-O 5.e4 d6 6.a3 Bxc3+ 7.bxc3 c5 8.Bd3 Qc7
9.Ne2 b5 10.e5 dxe5 11.dxe5 bxc4 12.exf6 cxd3 13.Qxd3 Ba6 14.Qf3 Nd7 15.fxg7 Rfd8
16.O-O Ne5 17.Qh5 Ng6 18.Re1 Rd5 19.Qf3 Bb7 20.Qg3 e5 21.c4 Rd6 22.Be3 f5
23.f4 Rd3 24.Rab1 Qc6 25.Rxb7 Qxb7 26.Qf2 Re8 27.Bxc5 exf4 28.Nxf4 Rxe1+
29.Qxe1 Nxf4 30.Qe8+ Kxg7 31.Qe5+ Kg6  0-1

[Event "Minsk Open 2013"]
[Site "Minsk BLR"]
[Date "2013.07.13"]
[Round "1.11"]
[White "Badelka,Olga"]
[Black "Nozdrachev,V"]
[Result "0-1"]
[WhiteElo "1848"]
[BlackElo "2463"]

1.d4 Nf6 2.c4 e6 3.Nc3 Bb4 4.Qc2 O-O 5.a3 Bxc3+ 6.Qxc3 d5 7.Bg5 dxc4 8.Qxc4 b6
9.e3 Ba6 10.Bxf6 Qxf6 11.Qxc7 Rc8 12.Qe5 Qxe5 13.dxe5 Bxf1 14.Kxf1 Rc2 15.Rb1 Nd7
16.Nf3 Rac8 17.g3 g5 18.h3 h5 19.Kg2 g4 20.hxg4 hxg4 21.Nd4 R2c5 22.Rh4 Nxe5
23.Rbh1 Kg7 24.Rh7+ Kf6 25.Rh8 Rxh8 26.Rxh8 Rc1 27.Rd8 Rb1 28.b3 Nd3 29.Nc2 Rxb3
30.Rd4 Ne5 31.Rf4+ Ke7 32.Ra4 a5 33.Re4 f6 34.a4 Rb2 35.Ne1 Ra2 36.Rd4 f5
37.e4 Ra1  0-1

[Event "Werner-Ott-Open 2013"]
[Site "Berlin GER"]
[Date "2013.07.14"]
[Round "9.6"]
[White "Major,Vitalij"]
[Black "Burger,H"]
[Result "1-0"]
[WhiteElo "2166"]
[BlackElo "2134"]

1.d4 Nf6 2.c4 e6 3.Nc3 Bb4 4.Qc2 O-O 5.Nf3 c5 6.dxc5 Na6 7.a3 Bxc3+ 8.Qxc3 Nxc5
9.g3 Nce4 10.Qc2 d5 11.Bg2 Qc7 12.Bf4 Qxc4 13.Qxc4 dxc4 14.Ne5 c3 15.b4 Nd2
16.Rc1 Nd5 17.Bxd5 exd5 18.Bxd2 cxd2+ 19.Kxd2 Re8 20.Nf3 Bg4 21.Nd4 Rac8
22.Rxc8 Rxc8 23.Rc1 Rxc1 24.Kxc1 Kf8 25.Kd2 Bd7 26.Nb3 b6 27.Kc3 Ke7 28.Kd4 Kd6
29.Nd2 Bc6 30.Nf3 f6 31.Nh4 Bd7 32.Ng2 g5 33.Ne3 Be6 34.Nd1 Bd7 35.Nc3 Bc6
36.Nd1 Bd7 37.Ne3 Be6 38.Nf1 Bd7 39.Nd2 Bc6 40.Nb1 Bd7 41.f4 gxf4 42.gxf4 Bc6
43.Nc3 Ke6 44.e3 Kd6 45.Ne2 Bd7 46.Kc3 Ke6 47.Nd4+ Kd6 48.Kd2 a6 49.Ke2 a5
50.bxa5 bxa5 51.Nb3 Ba4 52.Nxa5 Kc7 53.Kd3 Kb6 54.Kd4 Kxa5 55.Kxd5 Bb3+ 56.Ke4 Bc2+
57.Kd5 f5 58.Ke6 Ka4 59.Kf6 Kxa3 60.h4 Kb4 61.h5 Kc3 62.Kg7 Kd3 63.Kxh7 Kxe3
64.Kg7 Kxf4 65.h6 Ke3 66.h7 f4 67.h8=Q f3 68.Qh6+ Ke2 69.Qh5 Bd1 70.Kf6 Ke1
71.Qa5+ Ke2 72.Qb5+ Ke1 73.Qb4+ Ke2 74.Qc4+ Ke1 75.Qc3+ Ke2 76.Qe5+ Kf1 77.Qd5 Ke1
78.Qe4+ Be2 79.Kg5 f2  1-0

[Event "2nd Ideon Andron Open 2013"]
[Site "Anogia GRE"]
[Date "2013.07.15"]
[Round "7.1"]
[White "Maiorov,N1"]
[Black "Lekic,Du"]
[Result "1/2-1/2"]
[WhiteElo "2538"]
[BlackElo "2430"]

1.d4 Nf6 2.c4 e6 3.Nc3 Bb4 4.Qc2 O-O 5.a3 Bxc3+ 6.Qxc3 d5 7.Nf3 dxc4 8.Qxc4 b6
9.Bg5 Ba6 10.Qc3 h6 11.Bh4 g5 12.Bg3 Ne4 13.Qc2 Qd5 14.Nd2 Nxd2 15.Qxd2 Nc6
16.e3 Bxf1 17.Rxf1 Na5 18.Qc2 Qxg2 19.h4 f5 20.hxg5 hxg5 21.O-O-O Qc6 22.Rh1 f4
23.Bh2 Qxc2+ 24.Kxc2 fxe3 25.fxe3 Nc4 26.Rdg1 Rf2+ 27.Kc3 Nxe3 28.Be5 Raf8
29.Rxg5+ Kf7 30.Kb3 Nd5 31.Bg7 Rg8 32.Rh7 Ke8 33.Rg6 Rf7 34.Rh8 Rxh8 35.Bxh8 Kd7
36.Rg3 Rf2 37.Bg7 Re2 38.Bh6 c5 39.dxc5 bxc5 40.Rg7+ Kc6 41.Rxa7 c4+  1/2-1/2

[Event "Czech Open G1 Rapid 2013"]
[Site "Pardubice CZE"]
[Date "2013.07.18"]
[Round "4.8"]
[White "Harika,D"]
[Black "Hracek,Z"]
[Result "1/2-1/2"]
[WhiteElo "2489"]
[BlackElo "2635"]

1.d4 Nf6 2.c4 e6 3.Nc3 Bb4 4.Qc2 O-O 5.e4 d6 6.a3 Bxc3+ 7.bxc3 c5 8.e5 dxe5
9.dxe5 Nfd7 10.f4 Qh4+ 11.g3 Qe7 12.Bd3 f5 13.exf6 Nxf6 14.Nf3 b6 15.O-O Bb7
16.Ng5 h6 17.Nh7 Nxh7 18.Bxh7+ Kh8 19.Be4 Bxe4 20.Qxe4 Nd7 21.a4 Nf6 22.Qe2 Rad8
23.a5 Rd6 24.axb6 axb6 25.f5 Re8 26.Bf4 Rd7 27.fxe6 Qxe6 28.Qxe6 Rxe6 29.Rfe1 Rxe1+
30.Rxe1 Kg8 31.Re6 Rd1+ 32.Kg2 Nd7 33.Rd6 Rxd6 34.Bxd6 Kf7 35.Bc7 Ke6 36.Kf2 h5
37.h3 Kf5 38.Kf3 Ne5+ 39.Bxe5 Kxe5  1/2-1/2

[Event "Czech Open G1 Rapid 2013"]
[Site "Pardubice CZE"]
[Date "2013.07.18"]
[Round "8.18"]
[White "Neuman,P"]
[Black "Golubov,Saveliy"]
[Result "1-0"]
[WhiteElo "2522"]
[BlackElo "2242"]

1.d4 Nf6 2.c4 e6 3.Nc3 Bb4 4.Qc2 O-O 5.a3 Bxc3+ 6.Qxc3 b6 7.Bg5 Bb7 8.e3 d6
9.Ne2 Nbd7 10.Qd3 Qe7 11.Nc3 a6 12.Be2 e5 13.O-O e4 14.Qc2 c6 15.b4 c5 16.Rfd1 Rac8
17.Rab1 Rc7 18.Bf4 Ne8 19.dxc5 bxc5 20.Qd2 Ne5 21.Nd5 Bxd5 22.Qxd5 cxb4 23.axb4 Qe6
24.c5 Qxd5 25.Rxd5 Nd7 26.Rxd6 Nxd6 27.Bxd6 Rc6 28.Bxf8 Kxf8 29.Ra1 Nb8 30.Bc4 f5
31.f3 exf3 32.gxf3 Ke7 33.Kf2 Kd7 34.Rg1 g6 35.h4 Kc7 36.Kg3 Nd7 37.Ra1 Nb8
38.Kf4 Rf6 39.Kg5 Rf8 40.Bxa6 Nc6 41.Bb5 Nxb4 42.Ra7+ Kb8 43.Rxh7 Nd5 44.Bc6 Nxe3
45.Rb7+ Kc8 46.Ra7  1-0

[Event "28th Gniot Mem 2013"]
[Site "Police POL"]
[Date "2013.07.18"]
[Round "9.1"]
[White "Malisauskas,V"]
[Black "Weichhold,P"]
[Result "0-1"]
[WhiteElo "2450"]
[BlackElo "2382"]

1.d4 Nf6 2.c4 e6 3.Nc3 Bb4 4.Qc2 O-O 5.a3 Bxc3+ 6.Qxc3 d5 7.Bg5 c5 8.dxc5 d4
9.Qd2 e5 10.e3 h6 11.Bxf6 Qxf6 12.exd4 exd4 13.Bd3 Nd7 14.b4 a5 15.Rc1 axb4
16.axb4 Ne5 17.Ne2 Ra2 18.Bc2 d3 19.f4 Qh4+ 20.Ng3 Nxc4 21.Qxd3 Re8+  0-1

[Event "6th Paleochora Open"]
[Site "Paleochora GRE"]
[Date "2013.07.20"]
[Round "2.6"]
[White "Maiorov,N1"]
[Black "Hrisanthopoulos,D"]
[Result "1-0"]
[WhiteElo "2538"]
[BlackElo "2038"]

1.d4 Nf6 2.c4 e6 3.Nc3 Bb4 4.Qc2 O-O 5.a3 Bxc3+ 6.Qxc3 b6 7.Nf3 Bb7 8.g3 c5
9.dxc5 Ne4 10.Qc2 bxc5 11.Bg2 Qb6 12.O-O d6 13.b4 Nd7 14.Bf4 Rac8 15.b5 f5
16.a4 e5 17.Bc1 Rce8 18.Nh4 g6 19.Rd1 Rf7 20.Ra3 d5 21.cxd5 Nd6 22.Nf3 Ne4
23.Nd2 Nxd2 24.Bxd2 Qd6 25.Rc3 f4 26.Bc1 fxg3 27.hxg3 Rf6 28.e4 Ref8 29.Rf1 Bc8
30.Bh6 Re8 31.Be3 Qf8 32.Qb2 Nb6 33.Qa3 Nd7 34.Bxc5 Nxc5 35.Qxc5  1-0

[Event "28th Avoine Open"]
[Site "Avoine FRA"]
[Date "2013.07.21"]
[Round "2.32"]
[White "Gerard,N"]
[Black "Garnier,T"]
[Result "1/2-1/2"]
[WhiteElo "2272"]
[BlackElo "2069"]

1.d4 Nf6 2.c4 e6 3.Nc3 Bb4 4.Qc2 O-O 5.a3 Bxc3+ 6.Qxc3 b6 7.Bg5 Bb7 8.f3 d6
9.e4 c5 10.d5 Re8 11.Bxf6 Qxf6 12.Qxf6 gxf6 13.O-O-O Rd8 14.Ne2 Kf8 15.g3 Ke7
16.Nc3 Na6 17.f4 Nc7 18.Be2 Rab8 19.Rd2 a6 20.a4 Bc8 21.Rhd1 exd5 22.exd5 f5
23.Bd3 Bd7 24.Re2+ Kf6 25.g4 Re8 26.g5+ Kg6 27.h4 h5 28.gxh6 Rxe2 29.Bxe2 Rh8
30.Rg1+ Kf6 31.h5 a5 32.Kd2 Ne8 33.b3 Rxh6 34.Rg8 Ke7 35.Ke3 f6 36.Rg3 Kf8
37.Nd1 Ng7 38.Rh3 Be8 39.Nc3 Bd7 40.Kd2 Be8 41.Bf3 Bd7 42.Ne2 Be8 43.Ng3 Bd7
44.Rh1 Kf7 45.Be2 Kf8 46.Bd3 Kf7 47.Bf1 Kf8 48.Bg2 Be8 49.Bf3 Kf7 50.Nf1 Kf8
51.Ne3 Bd7 52.Rg1 Kf7 53.Rh1 Kf8 54.Be2 Kf7 55.Nd1 Ne8 56.Nc3 Nc7 57.Bf3 Be8
58.Be2 Bd7 59.Bd3 Kf8 60.Be2 Be8 61.Ra1 Kg7 62.Re1 Kf8 63.Bf3 Rh7 64.Rh1 Rh6
65.Rh2 Bf7 66.Nb5 Nxb5 67.cxb5 Kg7 68.Re2 Kf8 69.Re1 Rh7 70.Kc2 Bg8 71.Kc3 Bf7
72.Kb2 Bg8 73.Kc3 Rg7 74.Re3  1/2-1/2

[Event "Horsens Lang Weekend 2013"]
[Site "Horsens DEN"]
[Date "2013.07.21"]
[Round "7.1"]
[White "Antonsen,M"]
[Black "Matthiesen,M"]
[Result "0-1"]
[WhiteElo "2456"]
[BlackElo "2275"]

1.d4 Nf6 2.c4 e6 3.Nc3 Bb4 4.Qc2 O-O 5.Nf3 c5 6.dxc5 Na6 7.g3 Nxc5 8.Bg2 Nce4
9.O-O Nxc3 10.bxc3 Be7 11.e4 d6 12.e5 dxe5 13.Nxe5 Qc7 14.Qe2 Ne8 15.Rb1 Nd6
16.Ba3 Rb8 17.Rfd1 f6 18.c5 Nf7 19.Nd3 Re8 20.Qe3 Bd7 21.Re1 Bf8 22.c4 Bc6
23.f3 Rbd8 24.Kh1 Qa5 25.Rb3 Rd7 26.f4 Bxg2+ 27.Kxg2 e5 28.Nf2 Qa4 29.Qe4 Rd2
30.Bc1 Rxa2 31.Rxb7 Bxc5 32.Be3 Bxe3 33.Rxe3 Rd8 34.Rf3 Qc2 35.Qxc2 Rxc2
36.Rxa7 e4 37.Re3 Rdd2 38.Kg1 Nd6 39.c5 Rxc5 40.Rb3 Rc1+ 41.Kg2  0-1